Pramene k dejinám výroby cestných motorových vozidiel na území Československa v rokoch 1815-1965 /

Salvato in:
Dettagli Bibliografici
Autore principale: Šuman-Hreblay, Marián (Autore)
Natura: Libro
Lingua:slovacco
Pubblicazione: Liptovský Mikuláš : Autoantikvariát, 1991
Tags: Aggiungi Tag
Nessun Tag, puoi essere il primo ad aggiungerne!!

MARC

LEADER 00000nam a22000003a 4500
001 stu31989
005 20150617225732.1
008 950221s1991----xo------------------slo-d
040 |a STU  |b slo 
041 0 |a slo 
044 |a xo 
080 |a 629.113.06  |7 A000001568 
100 1 |a Šuman-Hreblay, Marián  |4 aut 
245 1 |a Pramene k dejinám výroby cestných motorových vozidiel na území Československa v rokoch 1815-1965 /  |c [aut.] Šuman-Hreblay,Marián 
260 |a Liptovský Mikuláš :  |b Autoantikvariát,  |c 1991 
300 |a 111 s 
996 |b J88140  |c J*88140  |l JJK9  |s P  |a 0  |w stu31989_0001